[Event "Vienna Tschaturanga op-A"]
[Site "Vienna"]
[Date "2012.02.20"]
[Round "4.6"]
[White "Gratze, Michael"]
[Black "Kuzmits, Helmut"]
[Result "1-0"]
[WhiteElo "2035"]
[BlackElo "1943"]
[PlyCount "119"]
[EventDate "2012.01.30"]
[EventType "swiss"]
[EventRounds "7"]
[EventCountry "AUT"]
[SourceTitle "EXT 2024"]
[Source "ChessBase"]
[SourceDate "2023.10.10"]
[SourceVersion "1"]
[SourceVersionDate "2023.10.10"]
[SourceQuality "1"]

1. e4 e6 2. d4 d5 3. Nc3 Nf6 4. e5 Nfd7 5. Nf3 c5 6. dxc5 Bxc5 7. Bd3 Nc6 8. Bf4 Be7 9. h4 h6 10. Qe2 Nc5 11. 0-0-0 Bd7 12. g4 Qa5 13. a3 0-0-0 14. Bd2 a6 15. Kb1 Nxd3 16. Qxd3 Qb6 17. Na4 Qc7 18. Qb3 Kb8 19. Nb6 Bc5 20. Nxd7+ Rxd7 21. Be3 Na5 22. Qc3 Bxe3 23. Qxe3 Nc4 24. Qd4 Rc8 25. Rd3 f6 26. Re1 Nxe5 27. Nxe5 Qxc2+ 28. Ka1 fxe5 29. Qxe5+ Ka8 30. Qxe6 Rcd8 31. Qf5 d4 32. Red1 Rd5 33. Qf4 Qc4 34. h5 R5d7 35. Qd2 Qc5 36. f4 Rd5 37. Qb4 Qxb4 38. axb4 Kb8 39. Ka2 Kc7 40. Kb3 b5 41. Re1 Kd6 42. Ra1 Ra8 43. Kc2 Ke6 44. Kd2 Kf6 45. Rda3 Rd6 46. Ra5 Rb6 47. Kd3 g5 48. f5 Rd6 49. Rxb5 Re8 50. Rba5 Re3+ 51. Kd2 Rg3 52. Rxa6 Rxa6 53. Rxa6+ Kg7 54. Rg6+ Kf7 55. Rxh6 Rxg4 56. b5 Rf4 57. b6 Rxf5 58. b7 Rb5 59. Rh8 Rxb2+ 60. Kd3 1-0

[Event "Vienna Tschaturanga op-A"]
[Site "Vienna"]
[Date "2012.02.13"]
[Round "3.6"]
[White "Kuzmits, Helmut"]
[Black "Zsifkovits, Robert"]
[Result "1/2-1/2"]
[WhiteElo "1943"]
[BlackElo "2190"]
[PlyCount "95"]
[EventDate "2012.01.30"]
[EventType "swiss"]
[EventRounds "7"]
[EventCountry "AUT"]
[SourceTitle "EXT 2024"]
[Source "ChessBase"]
[SourceDate "2023.10.10"]
[SourceVersion "1"]
[SourceVersionDate "2023.10.10"]
[SourceQuality "1"]

1. e4 e5 2. Nc3 Nf6 3. Bc4 Nc6 4. d3 Bb4 5. Nge2 d5 6. exd5 Nxd5 7. a3 Nxc3 8. Nxc3 Bxc3+ 9. bxc3 0-0 10. 0-0 Qf6 11. Bd5 Ne7 12. Be4 Ng6 13. Qh5 Qe6 14. Bxg6 Qxg6 15. Qxe5 Bf5 16. c4 c6 17. Bf4 Rfe8 18. Qc7 b5 19. cxb5 cxb5 20. Rfe1 Rec8 21. Qb7 Qc6 22. Qxc6 Rxc6 23. Re5 Bd7 24. Rxb5 Rxc2 25. Rb7 Bf5 26. d4 Rc4 27. Be3 a5 28. Rb5 Bd3 29. Rc5 a4 30. Rxc4 Bxc4 31. Rc1 Bb3 32. Kf1 Kf8 33. Ke2 Rd8 34. Rc7 Ke8 35. Kd3 Rd7 36. Rxd7 Kxd7 37. g4 Ke6 38. Bd2 f6 39. Ke4 Bc2+ 40. Kf4 Kd5 41. Ke3 Bd1 42. f3 Bc2 43. Bb4 Bb1 44. h4 g6 45. Be7 f5 46. Bf6 Bc2 47. Kf4 fxg4 48. fxg4 1/2-1/2